000 00368cam a2200169ua 4500
001 2529
008 131126n II |||gr||||Z||||||hin
040 _aMAIN
041 _aEnglish
082 _a891.43 SHA
100 _aSHARMA, RAJIB.
245 _aDHOOP AUR KOHRA
260 _a[s.l:
_bs.n.]
_c1983.
300 _a136.:
_c20CM.
653 _aHindi Books
942 _cBK
999 _c2523
_d2523